LEADER 00976naa a2200169 i 4500 001 000000307989 003 CaOOAMICUS 005 20180831172926.0 008 180831n it u000 u ita u 013 $a16930 040 $aSeMil$bita 100 1 $aStercal, Claudio,$d<1954- >.$0(OLS)http://semarc/name/327 245 10$a"Verecundia" e "Placendi desiderium" in Bernardo di Clairvaux e nella teologia cisterciense medioevale. 600 04$aBernardo : di Chiaravalle .$0(OLS)http://semarc/subject/739 650 4$aCistercensi - Teologia.$0(OLS)http://semarc/subject/43744 773 0 $aBagnoli, Sante$tSapere e contemplare il mistero.$dMilano : Jaca Book, 2008.$kBiblioteca di cultura medievale $kDi fronte e attraverso$kBiblioteca di cultura medievale. Sez. cisterciense$z978-88-16-40848-7$gp.73-96$w()189924 996 $6245$a"Verecundia" e "Placendi desiderium" in Bernardo di Clairvaux e nella teologia cisterciense medioevale$9(OLS)http://semarc/title/383290 LEADER 01367nas a2200265 i 4500 001 000000146002 003 CaOOAMICUS 005 20240403122438.0 008 051213b1998 it uu u0 0ita r 013 $a122683 040 $aSeMil$bita 100 1 $aViscardi, Fabio <1957->.$0(OLS)http://semarc/name/18217 245 12$aI fratelli Taviani :$bun'evoluzione artistica esemplare /$cFabio Viscardi. 260 $aVenegono Inferiore (VA) :$bSeminario Arcivescovile di Milano,$c1998. 300 $a11 p. ;$c22 cm. 500 $aIn testa al front : Percorsi cinematografici. 650 4$aTaviani, Vittorio <1929-2018> - Cinema.$0(OLS)http://semarc/subject/55382 650 4$aTaviani, Paolo <1931-2024> - Cinema.$0(OLS)http://semarc/subject/55381 773 0 $tQuaderni di Parola e Comunità.$dVenegono Inferiore : Comunità di Liceo - Seminario di Milano, 1987.$w()2658 773 0 $tQuaderni di Parola e Comunità. Serie piccola.$dVenegono Inferiore (VA) : Seminario Arcivescovile di Milano, 1997.$w()33122 850 $aSeMil 852 $aSeMil$W1$xVenegono$y1$m44 5 34/15$j98708$B98708$CSeMilBibl$Z2$F106939 $85 996 $6245$aI fratelli Taviani :$bun'evoluzione artistica esemplare$9(OLS)http://semarc/title/213464 996 $6260$aVenegono Inferiore (VA) :$bSeminario Arcivescovile di Milano$9(OLS)http://semarc/publisher/30430